Matías Aires Ramos da Silva de Eça, De la vanité des hommes. Suivi d’une Lettre sur le bonheur, traduit du portugais par Claude Maffre, préface d’Eduardo Prado Coelho, Nantes, éditions Le Passeur-Cecofop, 1996. (notice n° 1547431)
[ vue normale ]
| 000 -LEADER | |
|---|---|
| fixed length control field | 00620cam a2200145 4500500 |
| 005 - DATE AND TIME OF LATEST TRANSACTION | |
| control field | 20251012032459.0 |
| 041 ## - LANGUAGE CODE | |
| Language code of text/sound track or separate title | fre |
| 042 ## - AUTHENTICATION CODE | |
| Authentication code | dc |
| 100 10 - MAIN ENTRY--PERSONAL NAME | |
| Personal name | Le Moing, Monique |
| Relator term | author |
| 245 00 - TITLE STATEMENT | |
| Title | Matías Aires Ramos da Silva de Eça, De la vanité des hommes. Suivi d’une Lettre sur le bonheur, traduit du portugais par Claude Maffre, préface d’Eduardo Prado Coelho, Nantes, éditions Le Passeur-Cecofop, 1996. |
| 260 ## - PUBLICATION, DISTRIBUTION, ETC. | |
| Date of publication, distribution, etc. | 2001.<br/> |
| 500 ## - GENERAL NOTE | |
| General note | 98 |
| 786 0# - DATA SOURCE ENTRY | |
| Note | Sigila | 8 | 2 | 2001-12-20 | p. 208-210 | 1286-1715 |
| 856 41 - ELECTRONIC LOCATION AND ACCESS | |
| Uniform Resource Identifier | <a href="https://shs.cairn.info/revue-sigila-2001-2-page-208?lang=fr&redirect-ssocas=7080">https://shs.cairn.info/revue-sigila-2001-2-page-208?lang=fr&redirect-ssocas=7080</a> |
Pas d'exemplaire disponible.




Réseaux sociaux